| 000 | 00894cab a2200313 4500 | ||
|---|---|---|---|
| 001 | ABS53845 | ||
| 008 | 090401t1995 xxu||||| |||| 00| 0 eng d | ||
| 035 | _a(Sirsi) u6876 | ||
| 041 | _aeng | ||
| 245 | _aTemps v perms | ||
| 260 | _c1995 | ||
| 350 | _a0 | ||
| 490 |
_aBuilding _v260(43) 27 October 1995, 20-23(4) |
||
| 520 | _aFirst "Building"/Montrose survey on employment, examining the effects of fixed-term contracts on the industry. | ||
| 650 | _aARCHITECTS | ||
| 650 | _aCONSTRUCTION INDUSTRY | ||
| 650 | _aCONSULTANTS | ||
| 650 | _aCONTRACT STAFF | ||
| 650 | _aCONTRACTORS | ||
| 650 | _aEMPLOYMENT TRENDS | ||
| 650 | _aEMPLOYMENT | ||
| 650 | _aFIXED-TERM CONTRACTS | ||
| 650 | _aQUANTITY SURVEYORS | ||
| 650 | _aSALARIES | ||
| 650 | _aTEMPORARY EMPLOYMENT | ||
| 690 | _aMANAGEMENT-BUSINESS MANAGEMENT-PROFESSIONAL PRACTICE | ||
| 942 | _n0 | ||
| 948 | _c04/03/1997 | ||
| 999 |
_c4090 _d4090 |
||